00641nam a2200169Ia 4500003000900000008004100009040001600050080002500066245017800091260004500269300001400314650002900328650002800357650004100385700002400426700002100450IN-BaIIA211028s9999 xx 000 0 eng d cIIA Library a520.8(082.2)bESO-78 0aModern techniques in astronomical photographybproceedings of the ESO workshop held in Geneva, Switzerland from 16th - 18th May 1978cedited by R. M. West and J. L. Heudier. aFRGbEuropean Southern Observatoryc1978 axv, 304p. aAstronomical photography aAstronomical techniques aAstronomy and astrophysics thesaurus aHeudier, J. L., ed. aWest, R. M., ed.